[Event "Tournoi International du Pays de Charleroi 2018"]
[Site "Roux, Belgium"]
[Date "2018.07.31"]
[Round "5.20"]
[White "Vesin, Jean-Robert"]
[Black "Dierckens, Sarah"]
[Result "1-0"]
[WhiteTitle "FM"]
[WhiteElo "2215"]
[BlackElo "1783"]

1. e4 {[%clk 01:30:57]} {[%emt 00:00:01]} e6 {[%clk 01:30:52]} {[%emt
00:00:09]} 2. Qe2 {[%clk 01:30:34]} {[%emt 00:00:52]} c5 {[%clk 01:30:10]}
{[%emt 00:01:13]} 3. Nf3 {[%clk 01:30:52]} {[%emt 00:00:12]} Nc6 {[%clk
01:30:11]} {[%emt 00:00:30]} 4. g3 {[%clk 01:31:13]} {[%emt 00:00:08]} g6
{[%clk 01:28:26]} {[%emt 00:02:15]} 5. Bg2 {[%clk 01:31:17]} {[%emt 00:00:26]}
Bg7 {[%clk 01:28:46]} {[%emt 00:00:11]} 6. O-O {[%clk 01:31:36]} {[%emt
00:00:10]} Nge7 {[%clk 01:28:17]} {[%emt 00:00:59]} 7. d3 {[%clk 01:31:50]}
{[%emt 00:00:15]} O-O {[%clk 01:28:27]} {[%emt 00:00:21]} 8. c3 {[%clk
01:31:34]} {[%emt 00:00:46]} d5 {[%clk 01:25:26]} {[%emt 00:03:31]} 9. e5
{[%clk 01:29:01]} {[%emt 00:03:04]} b6 {[%clk 01:21:01]} {[%emt 00:04:55]} 10.
Bf4 {[%clk 01:26:55]} {[%emt 00:02:36]} Ba6 {[%clk 01:20:06]} {[%emt 00:01:25]}
11. Nbd2 {[%clk 01:26:42]} {[%emt 00:00:42]} Rb8 {[%clk 01:15:30]} {[%emt
00:05:06]} 12. h4 {[%clk 01:26:30]} {[%emt 00:00:42]} b5 {[%clk 01:12:25]}
{[%emt 00:03:36]} 13. Rfe1 {[%clk 01:25:55]} {[%emt 00:01:04]} Rb6 {[%clk
00:59:21]} {[%emt 00:13:34]} 14. a3 {[%clk 01:19:39]} {[%emt 00:06:46]} b4
{[%clk 00:54:42]} {[%emt 00:05:10]} 15. axb4 {[%clk 01:19:25]} {[%emt
00:00:44]} cxb4 {[%clk 00:52:23]} {[%emt 00:02:49]} 16. c4 {[%clk 01:14:17]}
{[%emt 00:05:37]} Qc8 {[%clk 00:45:55]} {[%emt 00:06:58]} 17. b3 {[%clk
01:02:51]} {[%emt 00:11:56]} Nf5 {[%clk 00:42:49]} {[%emt 00:03:37]} 18. Ra2
{[%clk 00:59:06]} {[%emt 00:04:15]} Rd8 {[%clk 00:36:42]} {[%emt 00:06:36]} 19.
Qd1 {[%clk 00:51:04]} {[%emt 00:08:32]} dxc4 {[%clk 00:34:46]} {[%emt
00:02:26]} 20. dxc4 {[%clk 00:51:26]} {[%emt 00:00:08]} Ncd4 {[%clk 00:32:44]}
{[%emt 00:02:33]} 21. Qa1 {[%clk 00:51:28]} {[%emt 00:00:27]} Nxf3+ {[%clk
00:30:29]} {[%emt 00:02:45]} 22. Nxf3 {[%clk 00:51:44]} {[%emt 00:00:13]} Bb7
{[%clk 00:26:18]} {[%emt 00:04:41]} 23. Rd1 {[%clk 00:43:29]} {[%emt 00:08:45]}
Rbd6 {[%clk 00:17:51]} {[%emt 00:08:57]} 24. Rxd6 {[%clk 00:41:53]} {[%emt
00:02:05]} Rxd6 {[%clk 00:18:11]} {[%emt 00:00:11]} 25. Rxa7 {[%clk 00:41:07]}
{[%emt 00:01:16]} Qd8 {[%clk 00:17:36]} {[%emt 00:01:06]} 26. Qa2 {[%clk
00:35:31]} {[%emt 00:06:06]} Rd1+ {[%clk 00:17:26]} {[%emt 00:00:39]} 27. Kh2
{[%clk 00:35:53]} {[%emt 00:00:07]} Be4 {[%clk 00:14:43]} {[%emt 00:03:15]} 28.
Qe2 {[%clk 00:31:07]} {[%emt 00:05:15]} Bxf3 {[%clk 00:12:45]} {[%emt
00:02:28]} 29. Bxf3 {[%clk 00:31:06]} {[%emt 00:00:31]} Qd4 {[%clk 00:11:27]}
{[%emt 00:01:48]} 30. Ra8+ {[%clk 00:30:26]} {[%emt 00:01:10]} Bf8 {[%clk
00:11:51]} {[%emt 00:00:06]} 31. Qxd1 {[%clk 00:30:34]} {[%emt 00:00:22]} Qxf2
{[%clk 00:11:58]} {[%emt 00:00:23]} 32. Kh3 {[%clk 00:26:26]} {[%emt 00:04:38]}
Kg7 {[%clk 00:11:49]} {[%emt 00:00:39]} 33. Qd8 {[%clk 00:23:17]} {[%emt
00:03:39]} Qf1 {[%clk 00:12:13]} {[%emt 00:00:06]} 34. Bg2 {[%clk 00:23:41]}
{[%emt 00:00:06]} 1-0

[Event "Tournoi International du Pays de Charleroi 2018"]
[Site "Roux, Belgium"]
[Date "2018.07.31"]
[Round "5.15"]
[White "Vanderwaeren, Serge"]
[Black "Jamar, Vadim"]
[Result "1-0"]
[WhiteTitle "FM"]
[WhiteElo "2145"]
[BlackElo "1909"]

1. Nf3 {[%clk 01:30:52]} {[%emt 00:00:07]} Nf6 {[%clk 01:30:41]} {[%emt
00:00:20]} 2. c4 {[%clk 01:31:14]} {[%emt 00:00:07]} g6 {[%clk 01:30:55]}
{[%emt 00:00:17]} 3. b3 {[%clk 01:31:37]} {[%emt 00:00:06]} Bg7 {[%clk
01:31:09]} {[%emt 00:00:17]} 4. Bb2 {[%clk 01:31:59]} {[%emt 00:00:07]} d6
{[%clk 01:31:07]} {[%emt 00:00:32]} 5. d4 {[%clk 01:32:16]} {[%emt 00:00:12]}
O-O {[%clk 01:31:11]} {[%emt 00:00:26]} 6. g3 {[%clk 01:32:41]} {[%emt
00:00:05]} c5 {[%clk 01:28:45]} {[%emt 00:02:57]} 7. Bg2 {[%clk 01:32:53]}
{[%emt 00:00:17]} Nc6 {[%clk 01:23:36]} {[%emt 00:05:39]} 8. O-O {[%clk
01:31:56]} {[%emt 00:01:26]} Nd7 {[%clk 01:21:00]} {[%emt 00:03:08]} 9. Qd2
{[%clk 01:31:10]} {[%emt 00:01:15]} e5 {[%clk 01:07:52]} {[%emt 00:13:38]} 10.
dxc5 {[%clk 01:30:11]} {[%emt 00:01:29]} dxc5 {[%clk 01:06:57]} {[%emt
00:01:26]} 11. Nc3 {[%clk 01:30:25]} {[%emt 00:00:15]} Nf6 {[%clk 01:01:38]}
{[%emt 00:05:49]} 12. Rfd1 {[%clk 01:28:01]} {[%emt 00:02:54]} Bf5 {[%clk
01:01:38]} {[%emt 00:00:31]} 13. Nd5 {[%clk 01:26:10]} {[%emt 00:02:20]} Ne4
{[%clk 00:54:32]} {[%emt 00:07:37]} 14. Qe1 {[%clk 01:26:13]} {[%emt 00:00:26]}
Nd4 {[%clk 00:53:52]} {[%emt 00:01:11]} 15. Nxd4 {[%clk 01:23:24]} {[%emt
00:03:19]} exd4 {[%clk 00:54:07]} {[%emt 00:00:16]} 16. g4 {[%clk 01:20:21]}
{[%emt 00:03:32]} Bxg4 {[%clk 00:49:00]} {[%emt 00:05:37]} 17. Bxe4 {[%clk
01:20:33]} {[%emt 00:00:17]} Re8 {[%clk 00:49:20]} {[%emt 00:00:11]} 18. f3
{[%clk 01:20:39]} {[%emt 00:00:23]} f5 {[%clk 00:37:46]} {[%emt 00:12:04]} 19.
Qg3 {[%clk 01:15:43]} {[%emt 00:05:25]} Be5 {[%clk 00:26:06]} {[%emt 00:12:11]}
20. Qg2 {[%clk 01:15:14]} {[%emt 00:00:56]} fxe4 {[%clk 00:26:26]} {[%emt
00:00:12]} 21. Qxg4 {[%clk 01:14:09]} {[%emt 00:01:35]} exf3 {[%clk 00:26:21]}
{[%emt 00:00:35]} 22. exf3 {[%clk 01:12:24]} {[%emt 00:02:13]} Bxh2+ {[%clk
00:22:21]} {[%emt 00:04:31]} 23. Kxh2 {[%clk 01:12:43]} {[%emt 00:00:11]} Re2
{[%clk 00:22:48]} {[%emt 00:00:04]} 24. Kg3 {[%clk 01:12:47]} {[%emt 00:00:23]}
Qd6+ {[%clk 00:21:31]} {[%emt 00:01:50]} 25. Qf4 {[%clk 01:12:13]} {[%emt
00:01:03]} Qxf4+ {[%clk 00:20:33]} {[%emt 00:01:30]} 26. Nxf4 {[%clk 01:12:31]}
{[%emt 00:00:12]} Rxb2 {[%clk 00:20:39]} {[%emt 00:00:25]} 27. Nd3 {[%clk
01:12:49]} {[%emt 00:00:11]} Re2 {[%clk 00:20:10]} {[%emt 00:00:59]} 28. Nxc5
{[%clk 01:13:08]} {[%emt 00:00:11]} b6 {[%clk 00:19:51]} {[%emt 00:00:50]} 29.
Ne4 {[%clk 01:13:22]} {[%emt 00:00:14]} Rd8 {[%clk 00:19:50]} {[%emt 00:00:33]}
30. Rd3 {[%clk 01:13:18]} {[%emt 00:00:33]} h5 {[%clk 00:19:23]} {[%emt
00:00:59]} 31. Rad1 {[%clk 01:13:36]} {[%emt 00:00:11]} h4+ {[%clk 00:19:03]}
{[%emt 00:00:50]} 32. Kxh4 {[%clk 01:13:44]} {[%emt 00:00:22]} Kg7 {[%clk
00:17:23]} {[%emt 00:02:10]} 33. Rxd4 {[%clk 01:13:53]} {[%emt 00:00:21]} Rf8
{[%clk 00:14:03]} {[%emt 00:03:51]} 34. Rd7+ {[%clk 01:12:39]} {[%emt
00:01:43]} Kg8 {[%clk 00:14:14]} {[%emt 00:00:19]} 35. Kg3 {[%clk 01:10:48]}
{[%emt 00:02:19]} Re3 {[%clk 00:14:32]} {[%emt 00:00:14]} 36. Ng5 {[%clk
01:09:50]} {[%emt 00:01:25]} Rf5 {[%clk 00:14:37]} {[%emt 00:00:28]} 37. R1d5
{[%clk 01:09:51]} {[%emt 00:00:28]} Rfxf3+ {[%emt 00:00:40]} 1-0

[Event "Tournoi International du Pays de Charleroi 2018"]
[Site "Roux, Belgium"]
[Date "2018.07.31"]
[Round "5.1"]
[White "Miezis, Normunds"]
[Black "Gurevich, Mikhail"]
[Result "1/2-1/2"]
[WhiteTitle "GM"]
[BlackTitle "GM"]
[WhiteElo "2463"]
[BlackElo "2569"]

1. c4 {[%clk 01:30:55]} {[%emt 00:00:04]} g6 {[%clk 01:30:15]} {[%emt
00:00:46]} 2. Nc3 {[%clk 01:31:05]} {[%emt 00:00:20]} Bg7 {[%clk 01:30:39]}
{[%emt 00:00:06]} 3. g3 {[%clk 01:31:17]} {[%emt 00:00:17]} e5 {[%clk
01:30:47]} {[%emt 00:00:23]} 4. Bg2 {[%clk 01:29:25]} {[%emt 00:02:22]} d6
{[%clk 01:30:00]} {[%emt 00:01:18]} 5. d3 {[%clk 01:27:25]} {[%emt 00:02:29]}
f5 {[%clk 01:29:38]} {[%emt 00:00:52]} 6. e4 {[%clk 01:22:25]} {[%emt
00:05:30]} Nc6 {[%clk 01:29:33]} {[%emt 00:00:36]} 7. Nge2 {[%clk 01:22:24]}
{[%emt 00:00:31]} Nf6 {[%clk 01:29:51]} {[%emt 00:00:12]} 8. O-O {[%clk
01:21:52]} {[%emt 00:01:01]} O-O {[%clk 01:29:36]} {[%emt 00:00:47]} 9. f3
{[%clk 01:20:11]} {[%emt 00:02:11]} Be6 {[%clk 01:29:38]} {[%emt 00:00:27]} 10.
Nd5 {[%clk 01:15:35]} {[%emt 00:05:06]} Nd7 {[%clk 01:29:30]} {[%emt 00:00:38]}
11. Be3 {[%clk 01:10:49]} {[%emt 00:05:15]} Nd4 {[%clk 01:29:05]} {[%emt
00:00:56]} 12. Ndc3 {[%clk 00:50:38]} {[%emt 00:20:41]} c6 {[%clk 01:21:33]}
{[%emt 00:08:03]} 13. Qd2 {[%clk 00:48:24]} {[%emt 00:02:43]} a5 {[%clk
01:08:24]} {[%emt 00:13:39]} 14. Rae1 {[%clk 00:44:45]} {[%emt 00:04:08]} Nc5
{[%clk 01:08:37]} {[%emt 00:00:18]} 15. b3 {[%clk 00:40:19]} {[%emt 00:04:56]}
Qb6 {[%clk 00:58:58]} {[%emt 00:10:10]} 16. Na4 {[%clk 00:32:05]} {[%emt
00:08:44]} Qb4 {[%clk 00:52:43]} {[%emt 00:06:45]} 17. Nxc5 {[%clk 00:19:11]}
{[%emt 00:13:23]} dxc5 {[%clk 00:45:22]} {[%emt 00:07:51]} 18. Nxd4 {[%clk
00:11:32]} {[%emt 00:08:09]} cxd4 {[%clk 00:44:30]} {[%emt 00:01:23]} 19. Bg5
{[%clk 00:11:37]} {[%emt 00:00:24]} f4 {[%clk 00:31:48]} {[%emt 00:13:12]} 20.
Re2 {[%clk 00:07:27]} {[%emt 00:04:40]} Rf7 {[%clk 00:24:35]} {[%emt 00:07:43]}
21. gxf4 {[%clk 00:07:10]} {[%emt 00:00:47]} Qxd2 {[%clk 00:23:36]} {[%emt
00:01:29]} 22. Rxd2 {[%clk 00:07:34]} {[%emt 00:00:06]} exf4 {[%clk 00:24:01]}
{[%emt 00:00:05]} 23. Rb1 {[%clk 00:06:48]} {[%emt 00:01:16]} Bf8 {[%clk
00:20:11]} {[%emt 00:04:20]} 24. Rc2 {[%clk 00:06:53]} {[%emt 00:00:24]} Bb4
{[%clk 00:19:41]} {[%emt 00:01:00]} 25. Bh4 {[%clk 00:06:47]} {[%emt 00:00:36]}
a4 {[%clk 00:17:29]} {[%emt 00:02:43]} 26. bxa4 {[%clk 00:04:45]} {[%emt
00:02:32]} Bc5 {[%clk 00:09:16]} {[%emt 00:08:42]} 27. Rcb2 {[%clk 00:04:09]}
{[%emt 00:01:07]} Bc8 {[%clk 00:09:28]} {[%emt 00:00:18]} 28. Be1 {[%clk
00:03:42]} {[%emt 00:00:57]} Rxa4 {[%clk 00:09:47]} {[%emt 00:00:11]} 29. h4
{[%clk 00:02:36]} {[%emt 00:01:35]} Ra3 {[%clk 00:09:59]} {[%emt 00:00:18]} 30.
Bf1 {[%clk 00:02:37]} {[%emt 00:00:29]} Kg7 {[%clk 00:07:41]} {[%emt 00:02:48]}
31. Rh2 {[%clk 00:02:48]} {[%emt 00:00:19]} Kf6 {[%clk 00:07:23]} {[%emt
00:00:48]} 32. Bb4 {[%clk 00:02:26]} {[%emt 00:00:52]} Bxb4 {[%clk 00:07:23]}
{[%emt 00:00:30]} 33. Rxb4 {[%clk 00:02:53]} {[%emt 00:00:03]} h6 {[%clk
00:06:43]} {[%emt 00:01:10]} 34. Rb3 {[%clk 00:01:07]} {[%emt 00:02:16]} Ra7
{[%clk 00:05:25]} {[%emt 00:01:47]} 35. Rbb2 {[%clk 00:01:34]} {[%emt
00:00:03]} Re7 {[%clk 00:05:15]} {[%emt 00:00:40]} 36. Kf2 {[%clk 00:01:47]}
{[%emt 00:00:17]} Re5 {[%clk 00:05:30]} {[%emt 00:00:16]} 37. Ke1 {[%clk
00:01:58]} {[%emt 00:00:19]} Rea5 {[%clk 00:05:46]} {[%emt 00:00:14]} 38. Kd1
{[%clk 00:02:06]} {[%emt 00:00:22]} Be6 {[%clk 00:03:33]} {[%emt 00:02:44]} 39.
Kc1 {[%clk 00:02:17]} {[%emt 00:00:18]} b5 {[%clk 00:02:33]} {[%emt 00:01:31]}
40. cxb5 {[%clk 00:02:26]} {[%emt 00:00:21]} cxb5 {[%clk 00:02:53]} {[%emt
00:00:10]} 41. Rhc2 {[%clk 00:01:39]} {[%emt 00:01:17]} Rxa2 {[%clk 00:01:32]}
{[%emt 00:01:50]} 42. Rb3 {[%emt 00:00:45]} b4 43. Rxb4 {[%clk 00:01:25]} Ra1+
{[%clk 00:25:59]} {[%emt 00:06:03]} 44. Rb1 {[%clk 00:31:44]} {[%emt 00:00:11]}
Rxb1+ {[%clk 00:26:10]} {[%emt 00:00:19]} 45. Kxb1 {[%clk 00:32:06]} {[%emt
00:00:08]} Ra5 {[%clk 00:26:35]} {[%emt 00:00:05]} 46. Rc6 {[%clk 00:31:22]}
{[%emt 00:01:14]} Ke7 {[%clk 00:26:46]} {[%emt 00:00:19]} 47. Rc7+ {[%clk
00:31:36]} {[%emt 00:00:15]} Ke8 {[%clk 00:26:55]} {[%emt 00:00:21]} 48. Rc6
{[%clk 00:29:26]} {[%emt 00:02:38]} Kd7 {[%clk 00:23:22]} {[%emt 00:04:05]} 49.
Rb6 {[%clk 00:29:46]} {[%emt 00:00:10]} Rh5 {[%clk 00:23:49]} {[%emt 00:00:02]}
50. Rb4 {[%clk 00:29:43]} {[%emt 00:00:33]} Rxh4 {[%clk 00:24:14]} {[%emt
00:00:06]} 51. Rxd4+ {[%clk 00:29:53]} {[%emt 00:00:20]} Ke7 {[%clk 00:24:39]}
{[%emt 00:00:05]} 52. Be2 {[%clk 00:30:09]} {[%emt 00:00:14]} Rh2 {[%clk
00:21:45]} {[%emt 00:03:24]} 53. Bd1 {[%clk 00:30:09]} {[%emt 00:00:29]} g5
{[%clk 00:21:54]} {[%emt 00:00:21]} 54. Kc1 {[%clk 00:26:28]} {[%emt 00:04:11]}
h5 {[%clk 00:19:07]} {[%emt 00:03:17]} 55. e5 {[%clk 00:26:13]} {[%emt
00:00:45]} Bf5 {[%clk 00:15:34]} {[%emt 00:04:04]} 56. Ra4 {[%clk 00:22:23]}
{[%emt 00:04:19]} Bxd3 {[%clk 00:10:33]} {[%emt 00:05:31]} 57. Bb3 {[%clk
00:22:10]} {[%emt 00:00:42]} Re2 {[%clk 00:10:17]} {[%emt 00:00:46]} 58. Ra7+
{[%clk 00:22:26]} {[%emt 00:00:14]} Kd8 {[%clk 00:10:26]} {[%emt 00:00:18]} 59.
e6 {[%clk 00:22:32]} {[%emt 00:00:27]} Bb5 {[%clk 00:07:15]} {[%emt 00:03:42]}
60. Ra5 {[%clk 00:21:33]} {[%emt 00:01:28]} Be8 {[%clk 00:06:52]} {[%emt
00:00:53]} 61. Rxg5 {[%clk 00:21:48]} {[%emt 00:00:15]} h4 {[%clk 00:07:12]}
{[%emt 00:00:10]} 62. Rg8 {[%clk 00:19:18]} {[%emt 00:02:59]} h3 {[%clk
00:06:38]} {[%emt 00:01:05]} 63. Ba4 {[%clk 00:19:22]} {[%emt 00:00:27]} Rxe6
{[%clk 00:06:52]} {[%emt 00:00:15]} 64. Rh8 {[%clk 00:19:10]} {[%emt 00:00:41]}
h2 {[%clk 00:07:06]} {[%emt 00:00:16]} 65. Bd1 {[%clk 00:18:20]} {[%emt
00:01:20]} Re1 {[%clk 00:05:01]} {[%emt 00:02:36]} 66. Rxh2 {[%clk 00:18:39]}
{[%emt 00:00:11]} Ba4 {[%clk 00:05:22]} {[%emt 00:00:10]} 67. Rd2+ {[%clk
00:18:57]} {[%emt 00:00:11]} Kc7 {[%clk 00:05:23]} {[%emt 00:00:28]} 68. Rd4
{[%clk 00:19:01]} {[%emt 00:00:25]} Bb3 {[%clk 00:05:49]} {[%emt 00:00:05]} 69.
Rd3 {[%clk 00:19:03]} {[%emt 00:00:28]} Bxd1 {[%clk 00:06:08]} {[%emt
00:00:12]} 70. Rxd1 {[%clk 00:19:24]} {[%emt 00:00:09]} Re3 {[%clk 00:06:35]}
{[%emt 00:00:03]} 71. Rd4 {[%clk 00:19:03]} {[%emt 00:00:51]} Rxf3 {[%clk
00:06:59]} {[%emt 00:00:06]} 72. Kd2 {[%clk 00:19:23]} {[%emt 00:00:09]} Kc6
{[%clk 00:07:24]} {[%emt 00:00:04]} 1/2-1/2

[Event "Tournoi International du Pays de Charleroi 2018"]
[Site "Roux, Belgium"]
[Date "2018.07.31"]
[Round "5.5"]
[White "Inkiov, Ventzislav"]
[Black "Mulder, Bart-Piet"]
[Result "1-0"]
[WhiteTitle "GM"]
[WhiteElo "2432"]
[BlackElo "2176"]

1. e4 {[%clk 01:30:48]} {[%emt 00:00:10]} c6 {[%clk 01:30:13]} {[%emt
00:00:48]} 2. d4 {[%clk 01:31:10]} {[%emt 00:00:07]} d5 {[%clk 01:30:39]}
{[%emt 00:00:05]} 3. exd5 {[%clk 01:31:34]} {[%emt 00:00:06]} cxd5 {[%clk
01:31:03]} {[%emt 00:00:05]} 4. c4 {[%clk 01:32:00]} {[%emt 00:00:05]} Nf6
{[%clk 01:31:29]} {[%emt 00:00:04]} 5. Nc3 {[%clk 01:32:24]} {[%emt 00:00:06]}
e6 {[%clk 01:31:53]} {[%emt 00:00:06]} 6. Nf3 {[%clk 01:32:35]} {[%emt
00:00:19]} Be7 {[%clk 01:31:49]} {[%emt 00:00:34]} 7. Bd3 {[%clk 01:32:57]}
{[%emt 00:00:08]} dxc4 {[%clk 01:32:05]} {[%emt 00:00:14]} 8. Bxc4 {[%clk
01:33:21]} {[%emt 00:00:06]} O-O {[%clk 01:32:29]} {[%emt 00:00:06]} 9. O-O
{[%clk 01:33:45]} {[%emt 00:00:06]} a6 {[%clk 01:31:20]} {[%emt 00:01:40]} 10.
a4 {[%clk 01:30:29]} {[%emt 00:03:46]} Nbd7 {[%clk 01:25:45]} {[%emt 00:06:05]}
11. Bb3 {[%clk 01:26:51]} {[%emt 00:04:08]} b6 {[%clk 01:15:01]} {[%emt
00:11:14]} 12. Re1 {[%clk 01:26:18]} {[%emt 00:01:02]} Bb7 {[%clk 01:15:07]}
{[%emt 00:00:24]} 13. Qe2 {[%clk 01:26:35]} {[%emt 00:00:12]} Re8 {[%clk
00:59:54]} {[%emt 00:15:44]} 14. Bg5 {[%clk 01:22:20]} {[%emt 00:04:44]} h6
{[%clk 00:56:10]} {[%emt 00:04:15]} 15. Bh4 {[%clk 01:22:35]} {[%emt 00:00:14]}
Nf8 {[%clk 00:56:09]} {[%emt 00:00:31]} 16. Rad1 {[%clk 01:21:55]} {[%emt
00:01:10]} Ng6 {[%clk 00:55:32]} {[%emt 00:01:08]} 17. Bg3 {[%clk 01:22:16]}
{[%emt 00:00:08]} Nd5 {[%clk 00:54:55]} {[%emt 00:01:07]} 18. Bc2 {[%clk
01:18:59]} {[%emt 00:03:47]} Ngf4 {[%clk 00:45:41]} {[%emt 00:09:44]} 19. Bxf4
{[%clk 01:18:15]} {[%emt 00:01:14]} Nxf4 {[%clk 00:46:07]} {[%emt 00:00:04]} 20.
Qe3 {[%clk 01:09:00]} {[%emt 00:09:44]} Bg5 {[%clk 00:35:37]} {[%emt 00:11:00]}
21. Nxg5 {[%clk 01:09:17]} {[%emt 00:00:13]} Nxg2 {[%clk 00:28:31]} {[%emt
00:07:37]} 22. Qg3 {[%clk 00:59:30]} {[%emt 00:10:17]} hxg5 {[%clk 00:19:34]}
{[%emt 00:09:26]} 23. Re5 {[%clk 00:58:16]} {[%emt 00:01:44]} f6 {[%clk
00:11:37]} {[%emt 00:08:27]} 24. Be4 {[%clk 00:50:21]} {[%emt 00:08:24]} Bxe4
{[%clk 00:10:00]} {[%emt 00:02:08]} 25. Rxe4 {[%clk 00:50:41]} {[%emt
00:00:10]} Nf4 {[%clk 00:10:12]} {[%emt 00:00:17]} 26. h4 {[%clk 00:50:57]}
{[%emt 00:00:14]} f5 {[%clk 00:07:49]} {[%emt 00:02:53]} 27. Ree1 {[%clk
00:50:13]} {[%emt 00:01:15]} Nh5 {[%clk 00:07:08]} {[%emt 00:01:11]} 28. Qxg5
{[%clk 00:50:35]} {[%emt 00:00:08]} Qxg5+ {[%clk 00:06:11]} {[%emt 00:01:27]}
29. hxg5 {[%clk 00:51:00]} {[%emt 00:00:04]} Nf4 {[%clk 00:06:03]} {[%emt
00:00:39]} 30. Kh2 {[%clk 00:50:16]} {[%emt 00:01:14]} Rad8 {[%clk 00:05:12]}
{[%emt 00:01:22]} 31. Kg3 {[%clk 00:49:59]} {[%emt 00:00:47]} Nd5 {[%clk
00:05:19]} {[%emt 00:00:23]} 32. Nxd5 {[%clk 00:48:26]} {[%emt 00:02:02]} Rxd5
{[%clk 00:05:32]} {[%emt 00:00:18]} 33. g6 {[%clk 00:47:27]} {[%emt 00:01:28]}
Kf8 {[%clk 00:04:55]} {[%emt 00:01:07]} 34. Re5 {[%clk 00:47:15]} {[%emt
00:00:41]} Rd6 {[%clk 00:03:51]} {[%emt 00:01:35]} 35. Kf4 {[%clk 00:46:00]}
{[%emt 00:01:45]} Ke7 {[%clk 00:02:14]} {[%emt 00:02:08]} 36. Kg5 {[%emt
00:01:58]} Rc8 {[%clk 00:00:55]} 37. Rde1 {[%clk 00:46:12]} {[%emt 00:00:38]}
Kd7 {[%clk 00:00:37]} {[%emt 00:00:48]} 38. d5 {[%clk 00:46:34]} {[%emt
00:00:08]} Rxd5 {[%clk 00:00:34]} {[%emt 00:00:33]} 39. Rxe6 {[%clk 00:46:58]}
{[%emt 00:00:06]} f4+ {[%clk 00:00:32]} {[%emt 00:00:33]} 40. Kg4 {[%clk
00:47:27]} {[%emt 00:00:01]} Rc2 {[%clk 00:00:41]} {[%emt 00:00:21]} 41. Re7+
{[%clk 00:47:36]} {[%emt 00:00:20]} Kc6 {[%clk 00:29:36]} {[%emt 00:01:35]} 42.
R1e6+ {[%clk 01:12:41]} {[%emt 00:05:26]} Rd6 {[%clk 00:29:55]} {[%emt
00:00:11]} 43. Kf3 {[%clk 01:12:35]} {[%emt 00:00:35]} Rxb2 {[%clk 00:29:24]}
{[%emt 00:01:01]} 44. Rxd6+ {[%clk 01:12:54]} {[%emt 00:00:10]} Kxd6 {[%clk
00:29:50]} {[%emt 00:00:04]} 45. Rxg7 {[%clk 01:13:18]} {[%emt 00:00:06]} Ke6
{[%clk 00:27:38]} {[%emt 00:02:42]} 46. Rb7 {[%clk 01:13:31]} {[%emt 00:00:18]}
Rb1 {[%clk 00:26:18]} {[%emt 00:01:50]} 47. Kxf4 {[%clk 01:12:54]} {[%emt
00:01:07]} b5 {[%clk 00:21:02]} {[%emt 00:05:46]} 48. Rb6+ {[%clk 01:13:00]}
{[%emt 00:00:23]} Ke7 {[%clk 00:21:25]} {[%emt 00:00:06]} 49. Kf5 {[%clk
01:13:21]} {[%emt 00:00:10]} Rb4 {[%clk 00:19:02]} {[%emt 00:02:54]} 50. f4
{[%clk 01:12:07]} {[%emt 00:01:43]} Rxa4 {[%clk 00:19:10]} {[%emt 00:00:22]} 51.
Rb7+ {[%clk 01:12:20]} {[%emt 00:00:17]} Kf8 {[%clk 00:19:32]} {[%emt
00:00:08]} 52. g7+ {[%clk 01:11:34]} {[%emt 00:01:16]} Kg8 {[%clk 00:19:29]}
{[%emt 00:00:33]} 1-0